000 01181cam a22003131i 4500
003 SA-RiAUC
005 20241116120613.0
008 241107s2000 le a g b 00000 ara c
020 _a1575477599
040 _aSA-JeALM
_bara
_cSA-RiAUC
_erda
050 1 4 _b. S26 2000
082 0 4 _a251.15
_qSA-RiAUC
090 _a251.15
_bس ا ن
100 1 _aسانو، قطب مصطفى،
_d1966-
_eمؤلف.
245 1 0 _aأدوات النظر الاجتهادي المنشود في ضوء الواقع المعاصر /
_cإعداد قطب مصطفى سانو.
250 _aالطبعة الأولى.
264 1 _aبيروت ؛
_aدمشق :
_bدار الفكر المعاصر،
_c2000
300 _a204 صفحة :
_bإيضاحيات ؛
_c24 سم
336 _aنص
_btxt
_2rdacontent
_3كتاب
337 _aبدون وسيط
_bn
_2rdamedia
338 _aمجلد
_bnc
_2rdacarrier
504 _aببليوجرافية : صفحة 199-204.
590 _aحمد.
650 7 _aالاجتهاد (أصول فقه)
_2aucsh
650 7 _aأصول الفقه الإسلامي
_2aucsh
942 _2ddc
_cBOOK
_n0
949 _aSA-JeALM
_d241107
_umohamedma123
_n1
999 _c2416
_d2416